Cliquez sur la bonne traduction en italien - Les vêtements - Statistiques

Statistiques générales
  • Ce quiz a été pris 152 fois
    148 depuis la dernière actualisation
  • Le résultat moyen est 11 sur 21
Statistiques - réponses
Hint Réponse % Correct
Ceinture Cintura
82%
Pantalon Pantaloni
80%
Chemise Camicia
79%
Collants Collant
76%
Cravate Cravatta
76%
Gants Guanti
73%
Chapeau Cappello
65%
Jupe Gonna
65%
Chaussures Scarpe
61%
Echarpe Sciarpa
56%
Veste Giacca
54%
Pull Maglione
46%
Chaussette Calzino
45%
Manteau Cappotto
45%
Bottes Stivali
44%
Casquette Berretto
39%
Soutien-gorge Reggiseno
35%
Slip Mutande
28%
Survêtement de sport Tuta
27%
Costume Abito
25%
Gilet Panciotto
14%
Aucun quiz correspondant
Distribution des résultats
% des personnes avec chaque résultat
Percentile par nombre de réponses
Votre historique - résultats
Vous n’avez pas pris ce quiz depuis la dernière actualisation